The coals and geology of the Herbert domain, (Record no. 26534)
[ view plain ]
| 000 -LEADER | |
|---|---|
| fixed length control field | 00927cam a22002651 4500 |
| 001 - CONTROL NUMBER | |
| control field | gs 27000043 |
| 003 - CONTROL NUMBER IDENTIFIER | |
| control field | DLC |
| 005 - DATE AND TIME OF LATEST TRANSACTION | |
| control field | 20260227111331.0 |
| 008 - FIXED-LENGTH DATA ELEMENTS--GENERAL INFORMATION | |
| fixed length control field | 791013s1925 tnuab s000 0 eng c |
| 010 ## - LIBRARY OF CONGRESS CONTROL NUMBER | |
| LC control number | gs 27000043 |
| 035 ## - SYSTEM CONTROL NUMBER | |
| System control number | (OCoLC)5522403 |
| 040 ## - CATALOGING SOURCE | |
| Original cataloging agency | U.S. Geol. Survey Library. |
| Transcribing agency | ViHarT |
| Modifying agency | DLC |
| 042 ## - AUTHENTICATION CODE | |
| Authentication code | premarc |
| 050 00 - LIBRARY OF CONGRESS CALL NUMBER | |
| Classification number | QE165 |
| Item number | .A2 no.33-C |
| 100 1# - MAIN ENTRY--PERSONAL NAME | |
| Personal name | Nelson, Wilbur Armistead, |
| Dates associated with a name | 1889- |
| 245 14 - TITLE STATEMENT | |
| Title | The coals and geology of the Herbert domain, |
| Statement of responsibility, etc. | by Wilbur A. Nelson. |
| 260 ## - PUBLICATION, DISTRIBUTION, ETC. | |
| Place of publication, distribution, etc. | Nashville, Tenn., |
| Date of publication, distribution, etc. | 1925. |
| 300 ## - PHYSICAL DESCRIPTION | |
| Extent | vi, 54 p. |
| Other physical details | IV pl. (incl. fold. map) tables. |
| Dimensions | 23 cm. |
| 490 0# - SERIES STATEMENT | |
| Series statement | Tennessee. Dept. of Education. Division of Geology. Bulletin 33-C |
| 500 ## - GENERAL NOTE | |
| General note | Bound together with Bulletins 33-A and 33-D. |
| 500 ## - GENERAL NOTE | |
| General note | Map folded in pocket in inside cover. |
| 650 #0 - SUBJECT ADDED ENTRY--TOPICAL TERM | |
| Topical term or geographic name entry element | Coal |
| Geographic subdivision | Tennessee |
| 650 #0 - SUBJECT ADDED ENTRY--TOPICAL TERM | |
| Topical term or geographic name entry element | Geology |
| Geographic subdivision | Tennessee |
| 740 0# - ADDED ENTRY--UNCONTROLLED RELATED/ANALYTICAL TITLE | |
| Uncontrolled related/analytical title | Herbert domain [Tennessee] Coals and geology of the. |
No items available.